Mass Effect : Andromeda. Vzpoura na Nexu /
Kniha je psána z pohledu více postav a zavádí nás do hlubokého vesmíru, kde pasažéři vesmírné lodi, kteří strávili 600 let v kryospánku, jsou nuceni postavit se hrozbám v podobě poškozené vesmírné stanice, neznámého prostředí a nedostatku zásob. Pracovníci, probuzeni kvůli opravám stanice, se kvůli...
Uloženo v:
| Série: | Mass Effect: Andromeda,
část 1 |
|---|---|
| Hlavní autor: | |
| Další autoři: | , |
| Médium: | E-kniha |
| Jazyk: | Czech |
| Vydáno: |
Ostrava :
Fantom Print,
2017
|
| Vydání: | 1. vydání |
| Témata: | |
| Příbuzné jednotky: | Z cyklu::
Mass Effect: Andromeda |
| Tagy: |
Žádné tagy |
| LEADER | 02693nam a2200517 i 4500 | ||
|---|---|---|---|
| 001 | 310813 | ||
| 003 | CZ PrSKC | ||
| 005 | 20260601215655.0 | ||
| 007 | ta | ||
| 008 | 170623s2017 xr g 000 f cze | ||
| 015 | |a cnb002904731 | ||
| 020 | |a 9788073983840 |q (brožováno) | ||
| 035 | |a (OCoLC)1003285178 | ||
| 040 | |a OLA001 |b cze |e rda | ||
| 041 | 1 | |a cze |h eng | |
| 072 | 7 | |a 821.111(73)-3 |x Americká próza |2 Konspekt | |
| 080 | |a 821.111(73)-31 |2 MRF | ||
| 080 | |a (0:82-311.9) |2 MRF | ||
| 100 | 1 | |a Hough, Jason M. |7 osa2014839555 |4 aut | |
| 240 | 1 | 0 | |a Nexus uprising. |l Česky |
| 245 | 1 | 0 | |a Mass Effect : |b Andromeda. |p Vzpoura na Nexu / |c Jason M. Hough, K.C. Alexander ; překlad Zuzana Komprdová |
| 246 | 3 | |a Mass Effect: Andromeda | |
| 246 | 3 | 0 | |a Vzpoura na Nexu |
| 246 | 3 | 0 | |a Andromeda |
| 250 | |a 1. vydání | ||
| 264 | 1 | |a Ostrava : |b Fantom Print, |c 2017 | |
| 300 | |a 319 stran ; |c 21 cm | ||
| 336 | |a text |b txt |2 rdacontent | ||
| 337 | |a bez média |b n |2 rdamedia | ||
| 338 | |a svazek |b nc |2 rdacarrier | ||
| 500 | |a Přeloženo z angličtiny | ||
| 500 | |a Na obálce uvedeno: oficiální prequel | ||
| 520 | 2 | |a Kniha je psána z pohledu více postav a zavádí nás do hlubokého vesmíru, kde pasažéři vesmírné lodi, kteří strávili 600 let v kryospánku, jsou nuceni postavit se hrozbám v podobě poškozené vesmírné stanice, neznámého prostředí a nedostatku zásob. Pracovníci, probuzeni kvůli opravám stanice, se kvůli nedostatku zásob začínají bouřit. Vedení zahynulo při havárii a je jen na šéfce bezpečnosti Sloane a pár úřednících, aby zabránili šířícím se nepokojům. Pokud selžou, bude mise Andromeda v ohrožení. | |
| 520 | 2 | |a Sci-fi román je oficiálním prequelem videohry od Bioware a zachycuje souboj posádky vesmírné lodi s nejrůznějšími hrozbami při jejich pouti neznámou galaxií. | |
| 655 | 7 | |a americké romány |7 fd131796 |2 czenas | |
| 655 | 7 | |a vědecko-fantastické romány |7 fd133847 |2 czenas | |
| 655 | 9 | |a American fiction |2 eczenas | |
| 655 | 9 | |a science fiction novels |2 eczenas | |
| 700 | 1 | |a Cooper, Karina, |d 1982- |7 xx0215078 |4 aut | |
| 700 | 1 | |a Komprdová, Zuzana |7 jo2016922995 |4 trl | |
| 787 | 0 | 8 | |i Z cyklu: |t Mass Effect: Andromeda |g 1 |
| 900 | |a ABA001 |b 20 | ||
| 044 | |a xr | ||
| 910 | |a RBIT002 | ||
| 998 | |d 174294 |a https://core.palmknihy.cz/api/books/174294/cover?oo6k9y |b https://core.palmknihy.cz/api/books/174294/cover/400?b2k7k |c https://core.palmknihy.cz/api/books/174294/cover/50?912mb7 |e 2027-01-07 |g 406 |i 9788073983840 |j https://core.palmknihy.cz/api/books/174294/preview.epub |l |q 49 |r 1 |s https://www.palmknihy.cz/kniha/174294 |t ebook |y 2017 |z 0 |v Mass Effect / Andromeda |w 1 | ||
| 999 | |d 310811 | ||